00307nam a2200121Ia 4500008004000000082001300040100001700053245003500070250000500105260005200110300001100162650001200173210210b1978 xxu||||| |||| 00| 0 eng d a951 GUPH aGUPTE (R S). aHistory of modern China. Ed 2. a aNew Delhi.bSterling Publishers Pvt Ltd.,c1978 avi,519 aChina